000 01217nam a22002774a 4500
001 ebr10032410
003 CaPaEBR
006 m u
007 cr cn|||||||||
008 020325s2002 dcua sb 000 0 eng
010 _z 2002104241
020 _z0309083095
040 _aCaPaEBR
_cCaPaEBR
035 _a(OCoLC)614667820
050 1 4 _aRA644.A6
_bA57 2002eb
082 0 4 _a614.5/61
_221
245 0 4 _aThe anthrax vaccine
_h[electronic resource] :
_bis it safe? does it work? /
_cLois M. Joellenbeck ... [et al.], editors ; Committee to Assess the Safety and Efficacy of the Anthrax Vaccine, Medical Follow-up Agency, Institute of Medicine.
260 _aWashington, D.C. :
_bNational Academy Press,
_cc2002.
300 _axxi, 265 p. :
_bill.
504 _aIncludes bibliographical references.
533 _aElectronic reproduction.
_bPalo Alto, Calif. :
_cebrary,
_d2013.
_nAvailable via World Wide Web.
_nAccess may be limited to ebrary affiliated libraries.
650 0 _aAnthrax
_xVaccination.
655 7 _aElectronic books.
_2local
710 2 _aebrary, Inc.
856 4 0 _uhttp://site.ebrary.com/lib/rucke/Doc?id=10032410
_zAn electronic book accessible through the World Wide Web; click to view
999 _c63047
_d63047